000 01132 a2200193 4500
001 53355
005 20260407155808.0
008 260407a1948 arg spa d
003 AR-UNSa-BCEJYS
040 _aAR-UNSa-BCEJYS
_bspa
_cAR-UNSa-BCEJYS
080 _a94:33
_xHistoria económica
245 1 0 _aHistoria económica de Europa
_pdesde la decadencia del imperio romano
264 1 _aMadrid :
_bRevista de Derecho Privado
_c1948
300 _a805 p.
_c23 cm.
505 _a1. El asentamiento y colonización de Europa - 2. La agricultura y la vida rural del último período del imperio romano - 3. La evolución de la técnica agrícola - 4. Las isntituciones agrarias de los reinos germanicos desde la centuria quinta a la novena - 5. Las condiciones de la vida agrícola en el imperio bizantino durante la edad media - 6. La aparición de las formas dependientes de cultivo de la tierra y las instituciones señoriales - 7. La sociedad agraria medieval en su apogeo - 8. La sociedad agraria medieval en su periodo de transición
942 _cBK
590 _aniveau_biblio:m niveau_hierar:0
100 1 _aClapham, John Harold
999 _c5210
_d5210